| 000 | 01555cam a2200505 4500 | ||
|---|---|---|---|
| 001 | ABS67933 | ||
| 008 | 040618n2004 000 0 eng u | ||
| 035 | _a(Sirsi) u126512 | ||
| 100 | _aNorwood, G. | ||
| 245 | _aLets go east | ||
| 260 | _c2004 | ||
| 490 |
_aEstates Gazette _v(0423) 5 June 2004, 110-111(2) |
||
| 520 | _aSurveys the fresh buy-to-let markets of eastern Europe and China (Shanghai). Suggests that EU expansion, the increased dealings of UK sales and lettings agents with eastern European buyers in the UK and most importantly the widespread view that buy-to-let in large UK cities now represents a poor investment, have spurred the shift eastwards. Lists the market potential of the new EU states and looks briefly at the Shanghai buy-to-let market. | ||
| 590 | _aABS | ||
| 590 | _aABS | ||
| 650 | _aPROPERTY INVESTMENT | ||
| 650 | _aBUY-TO-LET | ||
| 650 | _aCZECH REPUBLIC | ||
| 650 | _aPRAGUE | ||
| 650 | _aESTONIA | ||
| 650 | _aTALLINN | ||
| 650 | _aHUNGARY | ||
| 650 | _aBUDAPEST | ||
| 650 | _aLATVIA | ||
| 650 | _aRIGA | ||
| 650 | _aLITHUANIA | ||
| 650 | _aVILNIUS | ||
| 650 | _aPOLAND | ||
| 650 | _aROMANIA | ||
| 650 | _aSLOVAKIA | ||
| 650 | _aBRATISLAVA | ||
| 650 | _aSLOVENIA | ||
| 650 | _aLJUBLJANA | ||
| 650 | _aBULGARIA | ||
| 650 | _aCROATIA | ||
| 650 | _aBUCHAREST | ||
| 650 | _aDUBROVNIK | ||
| 650 | _aHVAR ISLAND | ||
| 650 | _aWARSAW | ||
| 650 | _aEASTERN EUROPE | ||
| 650 | _aEU ENLARGEMENT | ||
| 650 | _aSHANGHAI | ||
| 690 | _aHOUSING-INVESTMENT | ||
| 942 | _n0 | ||
| 999 |
_c117545 _d117545 |
||